| 000 | 00626nam a2200217 a 4500 | ||
|---|---|---|---|
| 999 |
_c2501 _d2501 |
||
| 005 | 20230602063644.0 | ||
| 008 | 991125s1995 mx 000 0 spa u | ||
| 020 | _a9682983193 | ||
| 035 | _aUPN01000002501 | ||
| 040 |
_aUPN _bspa _cUPN |
||
| 049 | _aCG | ||
| 050 | 4 |
_aPQ7104 _bL58 no. 96 |
|
| 100 | 1 |
_aQuirarte, Vicente, _d1954- |
|
| 245 | 1 | 3 |
_aEl amor que destruye lo que inventa : _bhistoria de la historia / _cVicente Quirarte. |
| 260 |
_aMéxico : _bCNCA, _c1995. |
||
| 300 | _a167 p. | ||
| 440 | 0 |
_aLecturas mexicanas. _pTercera serie ; _v96 |
|
| 650 | 4 |
_aNovela mexicana _94557 |
|
| 905 | _aLibro | ||
| 942 |
_2lcc _cLIBRO |
||